L'évolution créatrice
Bewaard in:
| Hoofdauteur: | |
|---|---|
| Formaat: | Boek |
| Taal: | Frans |
| Gepubliceerd in: |
París
Universitaires de France
1959
|
| Editie: | 86a. ed |
| Reeks: | Bibliothèque de Philosophie Contemporaine
|
| Onderwerpen: | |
| Tags: |
Voeg label toe
Geen labels, Wees de eerste die dit record labelt!
|
MARC
| LEADER | 00000nam a2200000 a 4500 | ||
|---|---|---|---|
| 001 | UCZ5312 | ||
| 003 | CL-VaPUC | ||
| 008 | 951117e19590000FR |||||||||||||||||fre|d | ||
| 082 | 0 | 4 | |a 126 |b BER |2 21 |
| 100 | |a Bergson, Henri-Louis |e author |9 318450 | ||
| 245 | 1 | 2 | |a L'évolution créatrice |
| 250 | |a 86a. ed | ||
| 300 | |a 372 p | ||
| 942 | |c BK | ||
| 945 | |d 19951117 00:00:00 |a lriquelm | ||
| 260 | |a París |b Universitaires de France |c 1959 | ||
| 650 | 0 | |a Conciencia |9 309452 | |
| 650 | 0 | |a Creatividad |9 310816 | |
| 650 | 0 | |a Filosofía de las ciencias |9 256466 | |
| 650 | 0 | |a Inteligencia |9 267038 | |
| 650 | 0 | |a Filosofía de la naturaleza |9 265899 | |
| 583 | |a last modification |c 19951117 00:00:00 |k Rodrigo Vera | ||
| 490 | 0 | |a Bibliothèque de Philosophie Contemporaine | |
| 999 | |c 241631 |d 241629 | ||
| 952 | |0 0 |1 0 |4 0 |6 126_000000000000000_BER_1959 |7 0 |8 P |9 254009 |a BIBEDU |b BIBEDU |c BIBEDU_PB |d 2019-11-19 |i 1571249 |o 126 BER 1959 |p 1571249 |r 2024-01-25 |w 2019-11-19 |y BK |k FIL | ||